|
|
|
|
| LEADER |
00848cam a2200229 7i4500 |
| 001 |
0000000933 |
| 005 |
20191106090000.0 |
| 020 |
|
|
|a 9835201277 (pbk.)
|
| 020 |
|
|
|a 9789885201271
|
| 090 |
0 |
0 |
|a QA76.73.C25
|b S84 1998
|
| 100 |
0 |
|
|a Suhaimi Ibrahim
|
| 245 |
1 |
0 |
|a Pengaturcaraan COBOL berstruktur
|c Suhaimi Ibrahim, Puteh Saad, Halimah Hasan.
|
| 260 |
|
|
|a Skudai, Johor:
|b Penerbit UTM,
|c 1998.
|
| 300 |
|
|
|a xiv, 160 p.:
|b ill.;
|c 22 cm.
|
| 650 |
0 |
0 |
|a COBOL (Computer program language)
|
| 650 |
0 |
0 |
|a Structural programming
|
| 700 |
0 |
|
|a Halimah Hasan
|
| 700 |
0 |
|
|a Puteh Saad
|
| 997 |
|
|
|a Engineering & Life Sciences, Faculty
|b Engineering, Department
|
| 999 |
|
|
|a 0000000594
|b BOK
|c OPEN SHELF
|e 2nd Floor, Bestari Jaya
|
| 999 |
|
|
|a 0000000596
|b BOK
|c OPEN SHELF
|e 2nd Floor, Bestari Jaya
|
| 999 |
|
|
|a 0000003367
|b BOK
|c OPEN SHELF
|e 2nd Floor, Bestari Jaya
|